Inspired amateurs. (Record no. 1899)

MARC details
000 -LEADER
fixed length control field 01756cam a22003731 4500
001 - CONTROL NUMBER
control field data
005 - DATE AND TIME OF LATEST TRANSACTION
control field 20260322212123.0
008 - FIXED-LENGTH DATA ELEMENTS--GENERAL INFORMATION
fixed length control field data
035 ## - SYSTEM CONTROL NUMBER
System control number 8948611
010 ## - LIBRARY OF CONGRESS CONTROL NUMBER
LC control number 67026746
035 ## - SYSTEM CONTROL NUMBER
-- (DLC) 67026746
035 ## - SYSTEM CONTROL NUMBER
System control number (OCoLC)1350491
040 ## - CATALOGING SOURCE
Original cataloging agency DLC
Transcribing agency FO
Modifying agency DLC
-- DLC
042 ## - AUTHENTICATION CODE
Authentication code premarc
050 00 - LIBRARY OF CONGRESS CALL NUMBER
Classification number CT104
Item number .G8 1967
082 ## - DEWEY DECIMAL CLASSIFICATION NUMBER
Classification number 509/.22
100 1# - MAIN ENTRY--PERSONAL NAME
Personal name Guinagh, Kevin,
Dates associated with a name 1897-1995.
245 10 - TITLE STATEMENT
Title Inspired amateurs.
260 ## - PUBLICATION, DISTRIBUTION, ETC.
Place of publication, distribution, etc. Freeport, N.Y.,
Name of publisher, distributor, etc. Books for Libraries Press
Date of publication, distribution, etc. [c1967, 1937]
300 ## - PHYSICAL DESCRIPTION
Extent xv, 171 p.
Dimensions 22 cm.
336 ## - CONTENT TYPE
Content type term text
Content type code txt
Source rdacontent
337 ## - MEDIA TYPE
Media type term unmediated
Media type code n
Source rdamedia
338 ## - CARRIER TYPE
Carrier type term volume
Carrier type code nc
Source rdacarrier
440 #0 - SERIES STATEMENT/ADDED ENTRY--TITLE
Title Essay index reprint series
505 0# - FORMATTED CONTENTS NOTE
Formatted contents note Preface, by A. E. Morgan.--The shoemaker and his last.--Preacher chemist: Joseph Priestley.--The count and his beggars: Benjamin Thompson.--A musician looks at the stars: William Herschel.--Science in a monastery garden: Gregor Mendel.--The stonemason of Cromarty: Hugh Miller.--A janitor rises to remark: Anton Leeuwenhoek.--A scientist battles poverty: Jean Henri Fabre.--From indigo to excavation: Heinrich Schliemann.--Banker historian: George Grote.--Enlightening the doctor: Stephen Hales.--The lens-grinding philosopher: Benedict de Spinoza.--Today's amateurs.
650 #0 - SUBJECT ADDED ENTRY--TOPICAL TERM
Topical term or geographic name entry element Biography.
650 #0 - SUBJECT ADDED ENTRY--TOPICAL TERM
Topical term or geographic name entry element Scientists
Form subdivision Biography.
655 #7 - INDEX TERM--GENRE/FORM
Genre/form data or focus term Biographies.
Source of term lcgft
Authority record control number or standard number https://id.loc.gov/authorities/genreForms/gf2014026049
856 41 - ELECTRONIC LOCATION AND ACCESS
Materials specified Table of contents
Uniform Resource Identifier <a href="http://www.loc.gov/catdir/toc/fy0602/67026746.html">http://www.loc.gov/catdir/toc/fy0602/67026746.html</a>
906 ## - LOCAL DATA ELEMENT F, LDF (RLIN)
a 7
b cbc
c oclcrpl
d u
e ncip
f 19
g y-gencatlg
985 ## -
-- OCLC REPLACEMENT cdsdistr
991 ## -
-- c-GenColl
-- CT104
-- .G8 1967
-- Copy 1
-- OCLCREP
Holdings
Withdrawn status Lost status Damaged status Not for loan Home library Current library Shelving location Date acquired Total checkouts Full call number Barcode Date last seen Price effective from Koha item type
        Troy Troy General stacks 22/03/2026   509/.22 LOC-TPL-00031 22/03/2026 22/03/2026 Books